000 00597nam a2200205Ia 4500
005 20250508152639.0
008 008 250505s9999 xx 000 0 eng d
037 _aTextual
040 _aFEDL
_beng
_cFEDL
041 _aeng
_2eng
084 _a370.1, BAY
_qFEDL
100 _aBayles Ernest E.
_9637114
245 0 _aDemocratic educational theory
260 _aNew York, USA
_bHarper and Brothers Publishers
_c1960
300 _ax,266p
490 _aHarper's series on teaching
650 _aEducation - Philosophy
942 _cTEXL
_h370.1, BAY
999 _c1337789
_d1337789